DEALING IN DEATH (Record no. 106347)

MARC details
000 -LEADER
fixed length control field 00248nam a2200109Ia 4500
008 - FIXED-LENGTH DATA ELEMENTS--GENERAL INFORMATION
fixed length control field 220713s9999 xx 000 0 und d
020 ## - INTERNATIONAL STANDARD BOOK NUMBER
International Standard Book Number 978 1 7702 0031 9
082 ## - DEWEY DECIMAL CLASSIFICATION NUMBER
Classification number NF 306.9
100 ## - MAIN ENTRY--PERSONAL NAME
Personal name WALKER, S
245 #0 - TITLE STATEMENT
Title DEALING IN DEATH
942 ## - ADDED ENTRY ELEMENTS
item type Books
-- 561
-- John Tresidder
Holdings
Withdrawn status Lost status Damaged status Not for loan Home library Current library Date acquired Cost, normal purchase price Total Checkouts Barcode Date last seen Price effective from item type Public note
        Gerard Sekoto PL(MMID-PLST-GERA) Gerard Sekoto PL(MMID-PLST-GERA) 13.07.2022 170.00   33089 00012900 1 13.07.2022 13.07.2022 Books 309 / 10
        Masoyi Masoyi 17.08.2021 300.00   33228024816918 17.08.2021 17.08.2021 Books